Srovnání daní důchodového typu - evropské země. 2.

Článok je pokračovaním medzinárodného porovnávania systému daní z príjmov v Belgicku, Luxembursku, Švédsku, Španielsku, Švajčiarsku a Francúzsku. Porovnanie je zamerané na daňových poplatníkov, daňový základ, daňové sadzby, odpočitateľné položky a systém platenia daní.

Gespeichert in:
Bibliographische Detailangaben
1. Verfasser: Mervart, J.
Weitere Verfasser: Vavrejnová, Marie
Format: Buchkapitel
Sprache:Tschechisch
Schlagworte:
Tags: Tag hinzufügen
Keine Tags, Fügen Sie das erste Tag hinzu!

MARC

LEADER 00000naa a2200000 4500
001 r012246
005 20220913122214.3
041 0 |a cze 
044 |a CZ 
245 1 0 |a Srovnání daní důchodového typu - evropské země. 2.  |c J. Mervart, Marie Vavrejnová 
520 |a Článok je pokračovaním medzinárodného porovnávania systému daní z príjmov v Belgicku, Luxembursku, Švédsku, Španielsku, Švajčiarsku a Francúzsku. Porovnanie je zamerané na daňových poplatníkov, daňový základ, daňové sadzby, odpočitateľné položky a systém platenia daní. 
610 2 0 |a dane z príjmov 
610 2 0 |a sadzby daňové 
610 2 0 |a úľavy daňové 
610 2 0 |a Belgicko 
610 2 0 |a Luxembursko 
610 2 0 |a Švédsko 
610 2 0 |a Španielsko 
610 2 0 |a Švajčiarsko 
610 2 0 |a Francúzsko 
100 1 |a Mervart, J. 
700 1 |a Vavrejnová, Marie